[Event "TCh-TUR Super League 2014"]
[Site "Kocaeli TUR"]
[Date "2014.08.26"]
[Round "9.5"]
[Board "7"]
[White "Topak, Engin"]
[Black "Buyukasik, Diyap"]
[Result "1-0"]
[WhiteTitle "FM"]
[WhiteElo "2208"]
[BlackElo "2165"]
[WhiteTeam "T.S. Alyans Satranc Spor Kulubu"]
[BlackTeam "Hatay Buyuksehir Belediye Genclik VE Spor Kulubu"]
[WhiteFideId "6300324"]
[BlackFideId "6319602"]
[EventDate "2014.08.18"]

1. c4 c5 2. Nc3 Nc6 3. Nf3 g6 4. e3 d6 5. d4 cxd4 6. exd4 Bg7 7. Be2 Nf6 8. d5
Nb8 9. Nd4 O-O 10. O-O Nbd7 11. Be3 Nc5 12. Bf3 a5 13. b3 Bd7 14. h3 Qc8 15. Qd2
Re8 16. Rac1 h5 17. Rfe1 Ra6 18. Red1 Bf5 19. Nxf5 Qxf5 20. Nb5 Qc8 21. Nd4 Nfd7
22. Rb1 Ne5 23. Be2 f5 24. f4 Ned7 25. Bf3 Nf6 26. a3 Nfe4 27. Qc2 e5 28. dxe6
Nxe6 29. Bxe4 Nxd4 30. Rxd4 fxe4 31. Rxe4 d5 32. Rxe8+ Qxe8 33. Qd3 d4 34. Bf2
Qf8 35. Qe4 Rf6 36. Bxd4 Rxf4 37. Qd5+ Kh7 38. Bxg7 Qxg7 39. Re1 a4 40. bxa4 Rf7
41. Re8 Re7 42. Rxe7 Qxe7 43. c5 Qe3+ 44. Kh2 Qf4+ 45. g3 Qf2+ 46. Qg2 Qxc5 47.
Qxb7+ Kh6 48. Qb2 Kh7 49. h4 Qd5 50. Qe2 Qc5 51. Qd2 Qxa3 52. a5 Qa4 53. Qc3
Qa2+ 54. Kg1 Qb1+ 55. Kf2 Qf5+ 56. Ke3 Qe6+ 57. Kd4 Qd6+ 58. Kc4 Qa6+ 59. Kb4
Qb7+ 60. Ka3 Qe7+ 61. Qb4 Qe3+ 62. Ka4 Qe8+ 63. Kb3 Qe3+ 64. Qc3 Qe6+ 65. Kb4
Qe7+ 66. Qc5 Qe1+ 67. Kb5 Qxg3 68. Qe7+ Kh8 69. a6 Qb8+ 70. Ka5 Qc8 71. a7 Qc3+
72. Kb6 Qd4+ 73. Qc5 Qd8+ 74. Kb7 Qd7+ 75. Kb8 1-0

[Event "TCh-TUR Super League 2014"]
[Site "Kocaeli TUR"]
[Date "2014.08.26"]
[Round "9.5"]
[Board "8"]
[White "Abdimanoglu, Beste Basak"]
[Black "Wang, Jue"]
[Result "0-1"]
[BlackTitle "WGM"]
[WhiteElo "1872"]
[BlackElo "2368"]
[WhiteTeam "Hatay Buyuksehir Belediye Genclik VE Spor Kulubu"]
[BlackTeam "T.S. Alyans Satranc Spor Kulubu"]
[WhiteFideId "6300286"]
[BlackFideId "8604070"]
[EventDate "2014.08.18"]

1. d4 Nf6 2. Bg5 d5 3. Bxf6 exf6 4. e3 Bd6 5. Bd3 c6 6. Nd2 Nd7 7. c3 Nb6 8. Qc2
Qe7 9. O-O-O a5 10. Ngf3 g6 11. e4 Be6 12. Rde1 O-O-O 13. Kb1 Kb8 14. Nb3 a4 15.
Nc1 Rc8 16. g3 Rhd8 17. Nd2 Qd7 18. c4 dxe4 19. Nxe4 Bb4 20. Rd1 Qxd4 21. Ne2
Qe5 22. f4 Qc7 23. c5 Nd5 24. Qxa4 Qe7 25. Rc1 Bf5 26. Rc4 Ne3 27. Rxb4 Rxd3 28.
N2c3 Re8 29. Ka1 Rxc3 30. bxc3 Bxe4 31. Rc1 Nd5 32. Rb3 Qxc5 33. Ra3 Nb6 34.
Qa7+ Kc7 35. Qa5 Qxa5 36. Rxa5 Nc4 37. Ra4 Bd3 38. Rb4 b5 39. Rd1 Re3 40. a4 Kb6
41. axb5 cxb5 42. Rc1 Re8 0-1

[Event "TCh-TUR Super League 2014"]
[Site "Kocaeli TUR"]
[Date "2014.08.26"]
[Round "9.5"]
[Board "9"]
[White "Can, Melih Kaan"]
[Black "Temizkan, Denizcan"]
[Result "0-1"]
[BlackTitle "CM"]
[WhiteElo "2034"]
[BlackElo "1972"]
[WhiteTeam "T.S. Alyans Satranc Spor Kulubu"]
[BlackTeam "Hatay Buyuksehir Belediye Genclik VE Spor Kulubu"]
[WhiteFideId "6317383"]
[BlackFideId "6325157"]
[EventDate "2014.08.18"]

1. e4 e5 2. Nf3 Nc6 3. Bb5 a6 4. Ba4 Nf6 5. d4 exd4 6. O-O Be7 7. Re1 b5 8. Bb3
d6 9. Bd5 Nxd5 10. exd5 Ne5 11. Nxd4 O-O 12. a4 Bd7 13. Nc3 Rb8 14. axb5 axb5
15. Bf4 Ng6 16. Be3 b4 17. Nce2 Bf6 18. b3 Re8 19. Qd2 Re5 20. Nc6 Bxc6 21. dxc6
Rxe3 22. Qxe3 Bxa1 23. Rxa1 Qf6 24. Ra7 Rc8 25. h3 Ne7 26. Nd4 g6 27. Qd3 d5 28.
Ra6 Re8 29. Nf3 Qd6 30. Qe3 Rd8 31. Nd4 Qf6 32. Qd2 Rb8 33. Qd3 Kg7 34. Nb5 Qe5
35. Qd4 Qxd4 36. Nxd4 Kf6 37. f4 Nf5 38. Nxf5 Kxf5 39. Ra7 Rc8 40. Kf2 Kxf4 41.
Rb7 Ke5 42. Rxb4 Kd6 43. Rh4 Rh8 44. Rf4 f5 45. g4 fxg4 46. hxg4 Kxc6 47. Rf6+
Kc5 48. Ke3 Re8+ 49. Kd3 Re4 50. Rf7 c6 51. Rxh7 Rxg4 52. c3 Rg3+ 53. Kc2 g5 54.
Rg7 Rg1 55. Kd3 Rg3+ 56. Kc2 g4 57. Kb2 Rg2+ 58. Ka3 g3 59. Rg6 Rg1 60. Kb2 g2
61. Ka2 Kb5 62. Rg8 c5 63. Rg5 Kc6 64. Rg6+ Kd7 65. Kb2 d4 66. cxd4 cxd4 67. Ka2
d3 68. Rg3 Re1 0-1

[Event "TCh-TUR Super League 2014"]
[Site "Kocaeli TUR"]
[Date "2014.08.26"]
[Round "9.5"]
[Board "10"]
[White "Keskin, Suara"]
[Black "Ozbay, Ece"]
[Result "1/2-1/2"]
[WhiteElo "1674"]
[BlackElo "1611"]
[WhiteTeam "Hatay Buyuksehir Belediye Genclik VE Spor Kulubu"]
[BlackTeam "T.S. Alyans Satranc Spor Kulubu"]
[WhiteFideId "6332650"]
[BlackFideId "6351743"]
[EventDate "2014.08.18"]

1. d4 d5 2. Bf4 Nf6 3. e3 c5 4. Nf3 Nc6 5. c3 Qb6 6. Qb3 c4 7. Qc2 Bf5 8. Qc1 e6
9. Nbd2 Be7 10. Be2 O-O 11. h3 h6 12. O-O Qd8 13. Ne5 Nxe5 14. dxe5 Ne4 15. Nxe4
Bxe4 16. f3 Bg6 17. Rd1 Qc7 18. Kh1 b5 19. a4 a6 20. g4 Qc6 21. Rg1 bxa4 22. Qe1
Rab8 23. Ra2 Qb5 24. Bd1 a3 25. bxa3 Qb1 26. Rag2 Bxa3 27. h4 Rb2 28. Rxb2 Bxb2
29. h5 Bh7 30. g5 hxg5 31. Bxg5 Qf5 32. Qg3 Bxc3 33. Bc2 Qxc2 34. Be7 g6 35.
hxg6 fxg6 36. Bxf8 Kxf8 37. Qh4 Qf5 38. Qxh7 Qxf3+ 39. Rg2 Qh5+ 40. Qxh5 gxh5
41. Rc2 Bxe5 42. Ra2 Ke7 43. Rxa6 c3 44. Rc6 Kd7 45. Rc5 Kd6 46. Rc8 d4 47. exd4
Bxd4 48. Kg2 e5 49. Kf3 Kd5 50. Ke2 e4 51. Rd8+ Kc4 52. Re8 Kb3 53. Rb8+ Kc2 54.
Rb4 Bc5 55. Rxe4 Kb2 56. Rc4 Be7 57. Kf3 c2 58. Rxc2+ Kxc2 59. Kg2 Kd2 60. Kh1
Ke2 61. Kg2 h4 62. Kh1 Kf1 63. Kh2 Bd6+ 64. Kh1 Bc5 65. Kh2 Bf2 66. Kh1 Ke2 67.
Kg2 Bg3 68. Kh1 Kf3 69. Kg1 h3 70. Kh1 h2 1/2-1/2

[Event "TCh-TUR Super League 2014"]
[Site "Kocaeli TUR"]
[Date "2014.08.26"]
[Round "9.6"]
[Board "1"]
[White "Cheparinov, Ivan"]
[Black "Inarkiev, Ernesto"]
[Result "0-1"]
[WhiteTitle "GM"]
[BlackTitle "GM"]
[WhiteElo "2681"]
[BlackElo "2666"]
[WhiteTeam "Turk Hava Yollari Spor Kulubu"]
[BlackTeam "Denizsu Aquamatch Satranc Genclik VE Spor Kulubu"]
[WhiteFideId "2905540"]
[BlackFideId "4162722"]
[EventDate "2014.08.18"]

1. e4 e5 2. Nf3 Nc6 3. d4 exd4 4. Nxd4 Bc5 5. Nb3 Bb6 6. Nc3 Nge7 7. Bg5 O-O 8.
Qd2 f6 9. Be3 f5 10. Bxb6 axb6 11. exf5 Rxf5 12. f4 Na5 13. Nd4 Rf8 14. O-O-O d5
15. Qe3 c5 16. Ne6 d4 17. Qe5 Bxe6 18. Qxe6+ Kh8 19. Ne4 Qc7 20. Qe5 Qxe5 21.
fxe5 Nac6 22. e6 Nf5 23. Bb5 Ne3 24. Rde1 Rae8 25. Ng5 h6 26. Nf7+ Kh7 27. Rhf1
Nxf1 28. Bxf1 Rxf7 29. Bd3+ g6 30. exf7 Rxe1+ 31. Kd2 Kg7 32. Kxe1 Kxf7 33. Be4
b5 34. Kd2 g5 35. c3 dxc3+ 36. Kxc3 Ke6 37. a3 Kd6 38. b4 b6 39. Bg6 Ne7 40. Be8
Nd5+ 41. Kd2 Nc7 42. Bf7 Ke5 43. Bh5 Kd4 44. Be2 c4 45. Bh5 Nd5 46. Be8 c3+ 47.
Kc1 Kc4 48. Bf7 Kd4 49. Be8 Ne3 50. Bxb5 Nxg2 51. a4 Ne3 52. a5 bxa5 53. bxa5
Kc5 54. a6 Kb6 55. h3 Nf5 56. Bd3 Nd4 57. Bf1 h5 58. Kd1 g4 59. hxg4 hxg4 60.
Ke1 g3 61. Kd1 Nf5 62. Ke2 c2 63. Kd2 Ne3 0-1

[Event "TCh-TUR Super League 2014"]
[Site "Kocaeli TUR"]
[Date "2014.08.26"]
[Round "9.6"]
[Board "2"]
[White "Eljanov, Pavel"]
[Black "Heberla, Bartlomiej"]
[Result "1-0"]
[WhiteTitle "GM"]
[BlackTitle "GM"]
[WhiteElo "2723"]
[BlackElo "2574"]
[WhiteTeam "Denizsu Aquamatch Satranc Genclik VE Spor Kulubu"]
[BlackTeam "Turk Hava Yollari Spor Kulubu"]
[WhiteFideId "14102951"]
[BlackFideId "1115120"]
[EventDate "2014.08.18"]

1. d4 g6 2. c4 Bg7 3. e4 c5 4. d5 d6 5. Nc3 e6 6. Bd3 Ne7 7. h4 h5 8. Bf4 O-O 9.
Qd2 e5 10. Bh6 Nd7 11. Nge2 Kh7 12. Bg5 f6 13. Be3 f5 14. Bg5 Nf6 15. f3 fxe4
16. Nxe4 Nxe4 17. Bxe4 Bf5 18. Bxf5 gxf5 19. Ng3 Kg6 20. Qc2 Bf6 21. O-O-O Qd7
22. Rh3 Rh8 23. f4 e4 24. Ne2 b5 25. Rg3 Rhg8 26. Bxf6+ Kxf6 27. Rg5 bxc4 28.
Qxc4 Rab8 29. Qc3+ Kf7 30. Ng3 Qa4 31. Nxh5 Qxa2 32. Qf6+ Ke8 33. Rxg8+ Nxg8 34.
Qg6+ Kd7 35. Qf7+ Kc8 36. Qe8+ Kc7 37. Qc6+ Kd8 38. Qxd6+ Kc8 39. Qe6+ 1-0

[Event "TCh-TUR Super League 2014"]
[Site "Kocaeli TUR"]
[Date "2014.08.26"]
[Round "9.6"]
[Board "3"]
[White "Gagunashvili, Merab"]
[Black "Esen, Baris"]
[Result "1/2-1/2"]
[WhiteTitle "GM"]
[BlackTitle "GM"]
[WhiteElo "2573"]
[BlackElo "2589"]
[WhiteTeam "Turk Hava Yollari Spor Kulubu"]
[BlackTeam "Denizsu Aquamatch Satranc Genclik VE Spor Kulubu"]
[WhiteFideId "13601652"]
[BlackFideId "6302114"]
[EventDate "2014.08.18"]

1. d4 Nf6 2. c4 e6 3. Nc3 Bb4 4. Qc2 O-O 5. a3 Bxc3+ 6. Qxc3 d6 7. Bg5 Nbd7 8.
e3 b6 9. Ne2 c5 10. Qc2 Ba6 11. Rd1 Qc7 12. Nc3 cxd4 13. Rxd4 e5 14. Rd2 Rac8
15. Qd3 Bxc4 16. Qxc4 Qxc4 17. Bxc4 Rxc4 18. Rxd6 h6 19. Bxf6 Nxf6 20. Ke2 Rfc8
21. Rhd1 Kf8 22. Rd8+ Ke7 23. Rxc8 1/2-1/2

[Event "TCh-TUR Super League 2014"]
[Site "Kocaeli TUR"]
[Date "2014.08.26"]
[Round "9.6"]
[Board "4"]
[White "Secer, Ata"]
[Black "Kerigan, Demre"]
[Result "1-0"]
[WhiteTitle "FM"]
[BlackTitle "FM"]
[WhiteElo "2319"]
[BlackElo "2343"]
[WhiteTeam "Denizsu Aquamatch Satranc Genclik VE Spor Kulubu"]
[BlackTeam "Turk Hava Yollari Spor Kulubu"]
[WhiteFideId "6303293"]
[BlackFideId "6307841"]
[EventDate "2014.08.18"]

1. e4 d6 2. d4 Nf6 3. Nc3 c6 4. a4 Qa5 5. Bd2 Qc7 6. Bg5 Nbd7 7. Nf3 e5 8. Bc4
Be7 9. O-O O-O 10. a5 Re8 11. Re1 Nf8 12. h3 Ng6 13. Bb3 h6 14. Be3 Bf8 15. d5
c5 16. Nd2 Nh7 17. Ba4 Rd8 18. a6 bxa6 19. Nc4 Rb8 20. Ne2 Be7 21. Bd2 Ng5 22.
Ng3 Nh4 23. Ba5 Rb6 24. Bd2 Rb8 25. Ba5 Rb6 26. Bd2 g6 27. Nxb6 axb6 28. c4
Ngf3+ 29. gxf3 Bxh3 30. Kh2 Bg2 31. Rg1 Bxf3 32. Qf1 Bg5 33. Qh3 Qe7 34. Nf5
Nxf5 35. Bxg5 hxg5 36. exf5 g4 37. Rxg4 Bxg4 38. Qxg4 Kg7 39. Kg2 Rh8 40. fxg6
Rh4 41. Qg3 f5 42. Rh1 Rxh1 43. Kxh1 Qf6 44. Be8 Qe7 45. Qh3 1-0

[Event "TCh-TUR Super League 2014"]
[Site "Kocaeli TUR"]
[Date "2014.08.26"]
[Round "9.6"]
[Board "5"]
[White "Genc, Cihan Sevinc"]
[Black "Kanli, Kaan"]
[Result "0-1"]
[WhiteElo "2213"]
[BlackElo "2013"]
[WhiteTeam "Turk Hava Yollari Spor Kulubu"]
[BlackTeam "Denizsu Aquamatch Satranc Genclik VE Spor Kulubu"]
[WhiteFideId "6304370"]
[BlackFideId "6309836"]
[EventDate "2014.08.18"]

1. d4 Nf6 2. c4 e6 3. Nc3 Bb4 4. Qc2 b6 5. a3 Bxc3+ 6. Qxc3 Bb7 7. Bg5 O-O 8.
Nf3 h6 9. Bh4 d6 10. Nd2 Nbd7 11. f3 Re8 12. e3 e5 13. d5 a5 14. Qc2 Nc5 15. b3
Qe7 16. e4 Ncd7 17. Be2 Nf8 18. Bf2 Ng6 19. g3 Bc8 20. h4 Qd7 21. Nf1 Nh7 22.
Ne3 Ne7 23. Bd3 Rf8 24. Ke2 Ba6 25. Nf5 Nxf5 26. exf5 Rfe8 27. a4 Bc8 28. g4 Qe7
29. Be4 f6 30. Be3 Kf7 31. Rag1 Bd7 32. Kd1 Rh8 33. Qh2 Qd8 34. Rg3 Qf8 35. Rhg1
Ke7 36. Qg2 Kd8 37. g5 hxg5 38. hxg5 Kc8 39. gxf6 Nxf6 40. Rxg7 Kb7 41. Rg5 Rh7
42. Rh1 Rf7 43. Rh4 Qe7 44. Rh6 Raf8 45. Rgg6 Qe8 46. Rg7 Nxe4 47. fxe4 Bxa4 48.
bxa4 Rxg7 49. Qxg7 Rg8 50. Qxg8 Qxg8 51. Rg6 Qe8 52. Ke2 Qxa4 53. Kf3 Qd1+ 54.
Kf2 Qc2+ 55. Kf3 Qxc4 56. Rg1 Qc2 57. f6 Qh2 58. Rf1 Qh5+ 59. Kg3 Qg6+ 60. Kh2
Qh7+ 61. Kg3 Qg6+ 62. Kh2 Qf7 63. Kg3 a4 64. Bg5 Qg6 65. Rf5 a3 66. f7 a2 0-1

[Event "TCh-TUR Super League 2014"]
[Site "Kocaeli TUR"]
[Date "2014.08.26"]
[Round "9.6"]
[Board "6"]
[White "Patel, Yesim"]
[Black "Yaka, Beyza"]
[Result "1-0"]
[WhiteTitle "WCM"]
[WhiteElo "1882"]
[BlackElo "1560"]
[WhiteTeam "Denizsu Aquamatch Satranc Genclik VE Spor Kulubu"]
[BlackTeam "Turk Hava Yollari Spor Kulubu"]
[WhiteFideId "6300200"]
[BlackFideId "6303641"]
[EventDate "2014.08.18"]

1. e4 e5 2. Nf3 Nc6 3. Bb5 a6 4. Ba4 Nge7 5. O-O g6 6. c3 Bg7 7. d4 b5 8. Bc2
O-O 9. d5 Na5 10. a4 Nc4 11. axb5 Nb6 12. bxa6 Bxa6 13. Bd3 Bxd3 14. Rxa8 Qxa8
15. Qxd3 f5 16. c4 d6 17. Nc3 h6 18. Nb5 fxe4 19. Qxe4 Qa4 20. Nd2 Nbxd5 21. b3
Qa5 22. Qg4 Nf4 23. Ne4 Qa2 24. Bxf4 Rxf4 25. Qe6+ Rf7 26. Nxc7 Nf5 27. Ne8 Qa8
28. N8xd6 1-0

[Event "TCh-TUR Super League 2014"]
[Site "Kocaeli TUR"]
[Date "2014.08.26"]
[Round "9.6"]
[Board "7"]
[White "Soysal, Serkan"]
[Black "Firat, Burak"]
[Result "0-1"]
[BlackTitle "IM"]
[WhiteElo "2261"]
[BlackElo "2456"]
[WhiteTeam "Turk Hava Yollari Spor Kulubu"]
[BlackTeam "Denizsu Aquamatch Satranc Genclik VE Spor Kulubu"]
[WhiteFideId "6349250"]
[BlackFideId "6305881"]
[EventDate "2014.08.18"]

1. e4 c5 2. Nf3 e6 3. c3 d5 4. exd5 exd5 5. d4 a6 6. Bd3 c4 7. Bc2 Bd6 8. O-O
Ne7 9. a4 O-O 10. b3 cxb3 11. Bxb3 Nbc6 12. Na3 Bg4 13. h3 Bh5 14. Bc2 f6 15.
Re1 Rc8 16. Bb2 Na5 17. Qd3 Bg6 18. Qe2 Qd7 19. Bxg6 Nxg6 20. Qe6+ Qxe6 21. Rxe6
Rfd8 22. g3 Nf8 23. Re3 Nd7 24. Nd2 Nb6 25. Nab1 Nbc4 26. Nxc4 Nxc4 27. Re2 Re8 0-1

[Event "TCh-TUR Super League 2014"]
[Site "Kocaeli TUR"]
[Date "2014.08.26"]
[Round "9.6"]
[Board "8"]
[White "Bulmaga, Irina"]
[Black "Ozturk, Hilal"]
[Result "1-0"]
[WhiteTitle "IM"]
[WhiteElo "2354"]
[BlackElo "1816"]
[WhiteTeam "Denizsu Aquamatch Satranc Genclik VE Spor Kulubu"]
[BlackTeam "Turk Hava Yollari Spor Kulubu"]
[WhiteFideId "13903063"]
[BlackFideId "6315330"]
[EventDate "2014.08.18"]

1. e4 e5 2. Nf3 Nc6 3. Bb5 a6 4. Ba4 d6 5. O-O Bd7 6. d4 exd4 7. Nxd4 b5 8. Nxc6
Bxc6 9. Bb3 Nf6 10. c4 Be7 11. Re1 O-O 12. Nc3 Rb8 13. Qc2 Ba8 14. a3 Re8 15.
Bd2 Qd7 16. Rad1 Qg4 17. f3 Qh5 18. Be3 c6 19. Ne2 bxc4 20. Bxc4 Qa5 21. b4 Qc7
22. Bxa6 d5 23. e5 Nd7 24. f4 c5 25. Bd3 h6 26. Bf5 Nb6 27. Bxc5 Nc4 28. Bd4 Qb7
29. Qd3 Qa6 30. Ra1 Bc6 31. Nc3 Ra8 32. e6 fxe6 33. Bxe6+ 1-0

[Event "TCh-TUR Super League 2014"]
[Site "Kocaeli TUR"]
[Date "2014.08.26"]
[Round "9.6"]
[Board "9"]
[White "Akdogan, Alperen"]
[Black "Ozen, Deniz"]
[Result "0-1"]
[BlackTitle "FM"]
[WhiteElo "1792"]
[BlackElo "1996"]
[WhiteTeam "Turk Hava Yollari Spor Kulubu"]
[BlackTeam "Denizsu Aquamatch Satranc Genclik VE Spor Kulubu"]
[WhiteFideId "6347363"]
[BlackFideId "6349196"]
[EventDate "2014.08.18"]

1. d4 d5 2. Nf3 Nf6 3. e3 c6 4. c4 Bf5 5. Nc3 e6 6. Nh4 Be4 7. f3 Bg6 8. Nxg6
hxg6 9. f4 Nh5 10. Qg4 Be7 11. Kd1 c5 12. cxd5 exd5 13. Qf3 Nf6 14. g4 cxd4 15.
exd4 Nc6 16. Bb5 O-O 17. Bxc6 bxc6 18. Be3 Bb4 19. Rc1 Bxc3 20. Rxc3 Ne4 21. Rc2
Qa5 22. a3 Qa4 23. h4 Rab8 24. Kc1 Rb3 25. h5 Rfb8 26. Rhh2 Qxa3 0-1

[Event "TCh-TUR Super League 2014"]
[Site "Kocaeli TUR"]
[Date "2014.08.26"]
[Round "9.6"]
[Board "10"]
[White "Celik, Eda"]
[Black "Kaymaz, Lena Nur"]
[Result "1/2-1/2"]
[WhiteElo "1498"]
[BlackElo "1687"]
[WhiteTeam "Denizsu Aquamatch Satranc Genclik VE Spor Kulubu"]
[BlackTeam "Turk Hava Yollari Spor Kulubu"]
[WhiteFideId "6351727"]
[BlackFideId "6359990"]
[EventDate "2014.08.18"]

1. e4 d6 2. d4 Nf6 3. Nc3 g6 4. Nf3 Bg7 5. h3 O-O 6. Be3 Na6 7. Be2 c6 8. a4 Qa5
9. O-O c5 10. Bc4 Nb4 11. dxc5 dxc5 12. Qe2 a6 13. e5 Nd7 14. e6 Nb6 15. exf7+
Kh8 16. Bb3 e6 17. Ng5 N6d5 18. Nxd5 Nxd5 19. Bd2 Qb6 20. a5 Qd6 21. Rfd1 Qe5
22. Qxe5 Bxe5 23. Rab1 Bf6 24. Ne4 Rxf7 25. Nxc5 Bd4 26. Ne4 Bd7 27. Bg5 Ba7 28.
Bxd5 exd5 29. Rxd5 Bc6 30. Re5 Bxe4 31. Rxe4 Rxf2 32. Be3 Re2 33. Bd4+ Bxd4+ 34.
Rxd4 Rxc2 35. Rb4 Re8 36. b3 Ree2 37. Rg4 Kg7 38. Rd1 Re7 39. Rd6 Rb2 40. Rb6
Rd2 41. Rf4 Rd1+ 42. Rf1 Rd2 43. Rf4 Rd1+ 44. Kh2 Rd2 45. Rfb4 Rdd7 46. h4 Rf7
47. Kh3 Rd3+ 48. Kh2 Rdd7 49. g4 Rd2+ 50. Kg1 Rd1+ 51. Kg2 Rd2+ 52. Kg3 Rd3+ 53.
Kg2 Rd2+ 54. Kg3 Rd3+ 1/2-1/2

[Event "TCh-TUR Super League 2014"]
[Site "Kocaeli TUR"]
[Date "2014.08.26"]
[Round "10.1"]
[Board "1"]
[White "Yilmaz, Mustafa"]
[Black "Cheparinov, Ivan"]
[Result "0-1"]
[WhiteTitle "GM"]
[BlackTitle "GM"]
[WhiteElo "2569"]
[BlackElo "2681"]
[WhiteTeam "Hatay Buyuksehir Belediye Genclik VE Spor Kulubu"]
[BlackTeam "Turk Hava Yollari Spor Kulubu"]
[WhiteFideId "6302718"]
[BlackFideId "2905540"]
[EventDate "2014.08.18"]

1. Nf3 c5 2. c4 Nc6 3. Nc3 Nf6 4. d4 cxd4 5. Nxd4 e6 6. a3 Be7 7. e4 O-O 8. Nf3
d6 9. Be2 b6 10. O-O Bb7 11. Bf4 Rc8 12. Rc1 Ne5 13. Nd2 Re8 14. Bg3 a6 15. Re1
Qc7 16. b4 Qb8 17. Bf1 Red8 18. f4 Ng6 19. Nb3 h5 20. f5 exf5 21. exf5 Ne5 22.
Qd4 Qa8 23. Na4 Nfd7 24. Nxb6 Nxb6 25. Qxb6 h4 26. Bxe5 dxe5 27. Qe3 Bf6 28. c5
e4 29. Bc4 Qb8 30. Rcd1 Be5 31. Qh3 Rxd1 32. Rxd1 Rd8 33. Re1 Bf6 34. Na5 Ba8
35. Qb3 Rd2 36. Bxf7+ Kf8 37. Bg8 Qc7 38. c6 h3 39. g3 Rd3 40. Qa2 Qa7+ 41. Kh1
e3 42. Nb7 Rd7 43. Bd5 Rxb7 44. cxb7 Bxb7 45. Rd1 Bd4 46. Qc4 Bc3 47. Qe4 Bxd5
48. Rxd5 Qa8 49. Rd4 Qc8 50. Qh4 Qc6+ 51. Qe4 e2 52. Rd8+ Kf7 53. Rd7+ Qxd7 54.
Qc4+ Kf8 55. Qc5+ Kg8 56. Qc4+ Qf7 0-1

[Event "TCh-TUR Super League 2014"]
[Site "Kocaeli TUR"]
[Date "2014.08.26"]
[Round "10.1"]
[Board "2"]
[White "Heberla, Bartlomiej"]
[Black "Amonatov, Farrukh"]
[Result "1/2-1/2"]
[WhiteTitle "GM"]
[BlackTitle "GM"]
[WhiteElo "2574"]
[BlackElo "2590"]
[WhiteTeam "Turk Hava Yollari Spor Kulubu"]
[BlackTeam "Hatay Buyuksehir Belediye Genclik VE Spor Kulubu"]
[WhiteFideId "1115120"]
[BlackFideId "14700077"]
[EventDate "2014.08.18"]

1. c4 Nf6 2. Nc3 g6 3. g3 Bg7 4. Bg2 O-O 5. e4 d6 6. Nge2 c5 7. O-O Nc6 8. d3 a6
9. h3 Rb8 10. a4 Ne8 11. Be3 Nc7 12. d4 cxd4 13. Nxd4 Ne6 14. Nde2 Nc5 15. b3 b6
16. Rb1 Bb7 17. Qd2 Rc8 18. Rfd1 Na5 19. Qa2 Nd7 20. Qd2 Nc5 21. Qc2 Qc7 22. Bd4
Bxd4 23. Nxd4 e5 24. Nde2 Ne6 25. Qd2 Rfd8 26. Nd5 Bxd5 27. cxd5 Ng7 28. h4 f5
29. Bh3 Qf7 30. Rdc1 Rxc1+ 31. Qxc1 fxe4 32. Nc3 Rf8 33. Qe1 Nf5 34. Qxe4 Kg7
35. Bxf5 Qxf5 36. Qe3 Qc2 37. Rc1 Qxb3 38. Ne4 Qxe3 39. fxe3 Nb7 40. Rc7+ Rf7
41. Rc6 b5 42. axb5 axb5 43. Rb6 Na5 44. Nxd6 Nc4 45. Nxc4 bxc4 46. Kg2 e4 47.
d6 Rd7 48. Rc6 Kf6 49. Rxc4 Ke5 50. Rc5+ 1/2-1/2

[Event "TCh-TUR Super League 2014"]
[Site "Kocaeli TUR"]
[Date "2014.08.26"]
[Round "10.1"]
[Board "3"]
[White "Kazhgaleyev, Murtas"]
[Black "Gagunashvili, Merab"]
[Result "1/2-1/2"]
[WhiteTitle "GM"]
[BlackTitle "GM"]
[WhiteElo "2563"]
[BlackElo "2573"]
[WhiteTeam "Hatay Buyuksehir Belediye Genclik VE Spor Kulubu"]
[BlackTeam "Turk Hava Yollari Spor Kulubu"]
[WhiteFideId "13700316"]
[BlackFideId "13601652"]
[EventDate "2014.08.18"]

1. e4 c6 2. Nc3 d5 3. d4 dxe4 4. Nxe4 Bf5 5. Ng3 Bg6 6. h4 h6 7. Nf3 Nd7 8. h5
Bh7 9. Bd3 Bxd3 10. Qxd3 e6 11. Bf4 Qa5+ 12. Bd2 Qc7 13. O-O-O Ngf6 14. Ne4
O-O-O 15. Kb1 Nxe4 16. Qxe4 Nf6 17. Qe2 Bd6 18. c4 c5 19. Bc3 cxd4 20. Nxd4 a6
21. Nb3 1/2-1/2

[Event "TCh-TUR Super League 2014"]
[Site "Kocaeli TUR"]
[Date "2014.08.26"]
[Round "10.1"]
[Board "4"]
[White "Kerigan, Demre"]
[Black "Ali Marandi, Cemil Can"]
[Result "1/2-1/2"]
[WhiteTitle "FM"]
[BlackTitle "IM"]
[WhiteElo "2343"]
[BlackElo "2397"]
[WhiteTeam "Turk Hava Yollari Spor Kulubu"]
[BlackTeam "Hatay Buyuksehir Belediye Genclik VE Spor Kulubu"]
[WhiteFideId "6307841"]
[BlackFideId "6300529"]
[EventDate "2014.08.18"]

1. e4 e5 2. Nf3 Nc6 3. Nc3 Nf6 4. g3 d5 5. exd5 Nd4 6. Bg2 Bg4 7. h3 Bxf3 8.
Bxf3 Nxf3+ 9. Qxf3 Bb4 10. O-O O-O 11. Re1 Re8 12. Kg2 Qd7 13. Ne4 Nxd5 14. c4
Nb6 15. a3 Bf8 16. d3 f5 17. Nc3 c6 18. Be3 Qxd3 19. c5 Nc4 20. Rad1 Nxe3+ 21.
Rxe3 Qc4 22. Qxf5 Bxc5 23. Rxe5 Rxe5 24. Qxe5 Rf8 25. Ne4 Qf7 26. Rd2 Bb6 27.
Ng5 Qxf2+ 1/2-1/2

[Event "TCh-TUR Super League 2014"]
[Site "Kocaeli TUR"]
[Date "2014.08.26"]
[Round "10.1"]
[Board "5"]
[White "Gulbas, Cemil"]
[Black "Genc, Cihan Sevinc"]
[Result "1-0"]
[WhiteTitle "IM"]
[WhiteElo "2365"]
[BlackElo "2213"]
[WhiteTeam "Hatay Buyuksehir Belediye Genclik VE Spor Kulubu"]
[BlackTeam "Turk Hava Yollari Spor Kulubu"]
[WhiteFideId "201820"]
[BlackFideId "6304370"]
[EventDate "2014.08.18"]

1. e4 e6 2. d4 d5 3. Nc3 Bb4 4. e5 c5 5. a3 Bxc3+ 6. bxc3 Qc7 7. Nf3 Nc6 8. Be2
Bd7 9. O-O Nge7 10. Re1 c4 11. Bf1 O-O-O 12. g3 h6 13. h4 Rdg8 14. Bg2 h5 15.
Ng5 Nd8 16. a4 f6 17. Nf3 Ng6 18. Ba3 Nf7 19. Qe2 Nh6 20. a5 Re8 21. Bd6 Qd8 22.
a6 b6 23. Nd2 Bb5 24. Qxh5 fxe5 25. Bxe5 Nxe5 26. Qxe5 Rhg8 27. Reb1 Qd7 28. Nf3
Nf7 29. Qe3 Ba4 30. Ne5 Nxe5 31. Qxe5 Bxc2 32. Rb2 Bf5 33. Ra5 Qc7 34. Rxd5 exd5
35. Qxf5+ Qd7 36. Qg5 Re1+ 37. Kh2 Rge8 38. Bxd5 R8e7 39. Rb4 b5 40. Bb7+ Kd8
41. Rxb5 Re6 42. Rc5 Rf6 43. Kg2 Qe6 44. Rc8+ Qxc8 45. Bxc8 Kxc8 46. Qb5 Rb6 47.
Qxc4+ Kd7 48. Qa4+ Kd8 49. c4 Ree6 50. c5 Rxa6 51. Qc4 Rf6 52. d5 Ra5 53. d6 1-0